| 000 | 00480cam a22001337a 4500 | ||
|---|---|---|---|
| 008 | 180718b1960 xxu||||| |||| 00| 0 eng d | ||
| 082 | _aA6x669 R812 | ||
| 100 | _aRoyal Institute of International Affairs | ||
| 245 |
_aNigeria: the political and economic background. _cby Royal Institute of International Affairs |
||
| 260 |
_aLondon _bOxford _c1960 |
||
| 300 | _avii, 141p | ||
| 650 | _aNigeria --Economic conditions -To 1960. | ||
| 650 | _aNigeria -Politics and government -To 1960 | ||
| 999 |
_c413181 _d413181 |
||